[Event "World Blitz Women 2025"]
[Site "Doha QAT"]
[Date "2025.12.30"]
[Round "13.19"]
[White "Maltsevskaya, Aleksandra"]
[Black "Gaal, Zsoka"]
[Result "1/2-1/2"]
[WhiteTitle "IM"]
[BlackTitle "IM"]
[WhiteElo "2398"]
[BlackElo "2374"]
[WhiteFideId "24174041"]
[BlackFideId "777765"]
[EventDate "2025.12.29"]

1. e4 e6 2. Qe2 c5 3. Nf3 Nc6 4. g3 g6 5. Bg2 Bg7 6. O-O Nge7 7. d3 O-O 8. Nbd2
d5 9. e5 Qc7 10. Re1 f6 11. exf6 Bxf6 12. Nf1 e5 13. Bh6 Re8 14. c3 Nf5 15. Bg5
Bg7 16. Bc1 Kh8 17. Ne3 Be6 18. Ng5 Nxe3 19. Bxe3 Bg8 20. Bxc5 b6 21. Ba3 h6 22.
Nf3 Rad8 23. Nh4 Bh7 24. Qg4 Qf7 25. Qf3 Qe6 26. Qe2 g5 27. Nf3 Qf5 28. Rad1 Bg6
29. Nd2 Qxd3 30. Nf1 Qxe2 31. Rxe2 Bh5 32. f3 e4 33. g4 Bg6 34. fxe4 dxe4 35.
Rxd8 Nxd8 36. Ng3 Ne6 37. Bxe4 Nf4 38. Re3 Bxe4 39. Rxe4 Rd8 40. Nf5 Rd1+ 41.
Kf2 Rd2+ 42. Kf3 Bf6 43. Re8+ Kh7 44. Rf8 Be5 45. Re8 Bf6 46. Bd6 Rxh2 47. Bxf4
gxf4 48. Kxf4 Rxb2 49. Re6 Bg5+ 50. Kf3 Rxa2 51. Rc6 Rc2 52. Ke4 Re2+ 53. Kd5
Rg2 54. Rc7+ Kg8 55. Rxa7 Rxg4 56. c4 h5 57. Rb7 h4 58. Rxb6 h3 59. Rb3 h2 60.
Rh3 Bf4 61. Nh6+ Bxh6 62. Rxh6 Rg2 63. c5 Kf7 64. c6 1/2-1/2

[Event "World Blitz Women 2025"]
[Site "Doha QAT"]
[Date "2025.12.30"]
[Round "13.20"]
[White "Tarasenka, Aliaksandra"]
[Black "Wang, Chuqiao"]
[Result "1-0"]
[WhiteTitle "WIM"]
[BlackTitle "WIM"]
[WhiteElo "2266"]
[BlackElo "2235"]
[WhiteFideId "13514288"]
[BlackFideId "8631638"]
[EventDate "2025.12.29"]

1. e4 e6 2. d4 d5 3. Nc3 Nf6 4. Bg5 Be7 5. e5 Nfd7 6. h4 a6 7. Qg4 Bxg5 8. hxg5
Nf8 9. O-O-O Bd7 10. Bd3 Qe7 11. Nf3 Nc6 12. Kb1 O-O-O 13. a3 Kb8 14. Ne2 Ng6
15. Nc1 Rdg8 16. Rhe1 f6 17. Bxg6 hxg6 18. Nd3 fxg5 19. Nxg5 Rh5 20. Nf3 Qf7 21.
Nf4 Rh6 22. Nxd5 exd5 23. e6 Bxe6 24. Rxe6 Rgh8 25. Ree1 Qf5 26. Qg3 Rf8 27. Rd3
Qf4 28. Re8+ Ka7 29. Rxf8 Qxf8 30. Qxc7 Rh1+ 31. Ka2 Qb8 32. Qxg7 Qd6 33. Ne5
Na5 34. Rc3 Qb6 35. Nd3 Qxd4 36. Qxd4+ 1-0

[Event "World Blitz Women 2025"]
[Site "Doha QAT"]
[Date "2025.12.30"]
[Round "13.21"]
[White "Berend, Elvira"]
[Black "Nguyen Hong Nhung"]
[Result "1/2-1/2"]
[WhiteTitle "WGM"]
[BlackTitle "FM"]
[WhiteElo "2265"]
[BlackElo "2268"]
[WhiteFideId "4000510"]
[BlackFideId "12412201"]
[EventDate "2025.12.29"]

1. e4 c5 2. Nf3 e6 3. d4 cxd4 4. Nxd4 Nc6 5. Be2 Nf6 6. Nxc6 bxc6 7. Nd2 d5 8.
Bf3 Be7 9. O-O O-O 10. Re1 Rb8 11. c4 Bb7 12. Qa4 Bc5 13. Nb3 Bb6 14. Bf4 Ra8
15. cxd5 cxd5 16. Rad1 Qe8 17. Qb4 dxe4 18. Be2 Nd5 19. Qxe4 Qe7 20. Bf3 Rad8
21. Bd2 Ba8 22. Qe2 Qf6 23. Bc1 h6 24. h3 Qg6 25. Be4 Qf6 26. Bf3 Rc8 27. a4 Bc7
28. Nd4 Nf4 29. Bxf4 Qxf4 30. g3 Bxf3 31. gxf4 Bxe2 32. Nxe2 Ba5 33. Rf1 Rc2 34.
Nc3 Rxb2 35. Nb5 a6 36. Nd6 Bc7 37. f5 exf5 38. Nxf5 Be5 39. Rfe1 Bf6 40. Rd6
Kh7 41. Rxa6 Rc8 42. Ng3 Rcc2 43. Rf1 Bd4 44. Nh1 Ra2 45. Kg2 Rc4 46. Ng3 Rcxa4
47. Rxa4 Rxa4 48. Rd1 Be5 49. Nf1 Ra6 50. Re1 Rg6+ 51. Kf3 Bd4 52. Rd1 Rf6+ 53.
Ke4 Bxf2 54. Nh2 h5 55. Nf3 Bb6 56. Rd7 Kh6 57. Ne5 g5 58. Nxf7+ Kg6 59. Ne5+
Kh6 60. Nf7+ Kg6 61. Ne5+ Kh6 62. Nf7+ 1/2-1/2

[Event "World Blitz Women 2025"]
[Site "Doha QAT"]
[Date "2025.12.30"]
[Round "13.22"]
[White "Gong, Qianyun"]
[Black "Yu, Jennifer"]
[Result "1-0"]
[WhiteTitle "WGM"]
[BlackTitle "FM"]
[WhiteElo "2228"]
[BlackElo "2276"]
[WhiteFideId "8602425"]
[BlackFideId "2078341"]
[EventDate "2025.12.29"]

1. e4 g6 2. Nc3 Bg7 3. Bc4 d6 4. d3 e6 5. f4 Ne7 6. Bb3 O-O 7. Nf3 c5 8. O-O
Nbc6 9. Qe1 Nd4 10. Nxd4 cxd4 11. Ne2 Kh8 12. Kh1 f5 13. Ng3 e5 14. exf5 Nxf5
15. Ne4 h6 16. Bd2 Bd7 17. fxe5 dxe5 18. Bb4 Re8 19. Bf7 Qb6 20. Bxe8 Rxe8 21.
Bc5 Qxb2 22. Nd6 Nxd6 23. Bxd6 Bc6 24. Qg3 Re6 25. Bf8 Qxc2 26. Rf7 Bxf8 27.
Rxf8+ Kg7 28. Raf1 Re7 29. h4 e4 30. R1f6 g5 31. hxg5 Qd1+ 32. Kh2 Qh5+ 33. Kg1
Qxg5 34. Qb8 Qc1+ 35. Kh2 Bd5 36. Rf4 Be6 37. Qe5+ Kh7 38. Rh8+ Kg6 39. Qf6+ Kh5
40. Rxh6# 1-0

[Event "World Blitz Women 2025"]
[Site "Doha QAT"]
[Date "2025.12.30"]
[Round "13.23"]
[White "Charkhalashvili, Inga"]
[Black "Kaliakhmet, Elnaz"]
[Result "1-0"]
[WhiteTitle "WGM"]
[BlackTitle "WIM"]
[WhiteElo "2235"]
[BlackElo "2329"]
[WhiteFideId "13601431"]
[BlackFideId "13730169"]
[EventDate "2025.12.29"]

1. d4 d5 2. c4 e6 3. Nc3 a6 4. cxd5 exd5 5. Nf3 Nf6 6. Bg5 Be6 7. e3 Nbd7 8. Rc1
Bd6 9. Bd3 c6 10. a3 Qc7 11. Bh4 O-O 12. O-O h6 13. b4 Bg4 14. Bg3 Bxg3 15. hxg3
Qd6 16. Na4 a5 17. Qb3 axb4 18. axb4 Rfc8 19. Nc5 b6 20. Nxd7 Nxd7 21. Ra1 Qf6
22. Be2 b5 23. Qc2 Nb6 24. Ne5 Bxe2 25. Qxe2 Nc4 26. Nd3 Qe7 27. Qg4 Nd2 28.
Rfd1 Nc4 29. Nc5 Re8 30. Qd7 Qf6 31. Rxa8 Rxa8 32. e4 Ra2 33. Rf1 Nd2 34. e5 Qg6
35. Qe8+ Kh7 36. Nd7 Qd3 37. Nf8+ Kg8 38. Ng6+ Kh7 39. Nf8+ Kg8 40. Re1 Ne4 41.
Ng6+ Kh7 42. Ne7 h5 43. Qg8+ Kh6 44. Qh8+ Kg5 45. Qxg7# 1-0

[Event "World Blitz Women 2025"]
[Site "Doha QAT"]
[Date "2025.12.30"]
[Round "13.24"]
[White "Pham, Le Thao Nguyen"]
[Black "Iudina, Veronika"]
[Result "0-1"]
[WhiteTitle "IM"]
[BlackTitle "WFM"]
[WhiteElo "2348"]
[BlackElo "2204"]
[WhiteFideId "12401226"]
[BlackFideId "24277916"]
[EventDate "2025.12.29"]

1. d4 Nf6 2. Nf3 e6 3. Bf4 d5 4. e3 Bd6 5. Nbd2 O-O 6. c3 b6 7. Ne5 c5 8. Bg5
Be7 9. Bd3 Bb7 10. Qf3 Nbd7 11. Qh3 Ne4 12. Bxe7 Qxe7 13. Nxd7 Qxd7 14. f3 Nf6
15. g4 g6 16. Qg3 cxd4 17. exd4 Rfe8 18. O-O Bc6 19. Qe5 Qe7 20. Rae1 Nd7 21.
Qg3 e5 22. Rf2 f6 23. g5 fxg5 24. Rfe2 Rf8 25. dxe5 Nc5 26. Bc2 Ne6 27. Nb3 Rf4
28. Rd2 Raf8 29. Bd1 d4 30. Nxd4 Nxd4 31. cxd4 Bxf3 32. Bxf3 Rxf3 33. Qg2 h5 34.
e6 h4 35. Qe2 g4 36. Qe4 Qf6 37. e7 Rf1+ 38. Kg2 Qf2+ 39. Rxf2 R8xf2# 0-1

[Event "World Blitz Women 2025"]
[Site "Doha QAT"]
[Date "2025.12.30"]
[Round "13.25"]
[White "Tan, Zhongyi"]
[Black "Padmini, Rout"]
[Result "0-1"]
[WhiteTitle "GM"]
[BlackTitle "IM"]
[WhiteElo "2524"]
[BlackElo "2354"]
[WhiteFideId "8603642"]
[BlackFideId "5029295"]
[EventDate "2025.12.29"]

1. d4 Nf6 2. c4 c5 3. d5 b5 4. cxb5 a6 5. bxa6 g6 6. Nc3 Bxa6 7. e4 Bxf1 8. Kxf1
d6 9. Nf3 Nbd7 10. g3 Bg7 11. Kg2 O-O 12. h3 Qb6 13. a4 Rfb8 14. Re1 Ne8 15. Qe2
Nc7 16. Nd2 Qa6 17. Qxa6 Nxa6 18. Nc4 Nb4 19. Re2 Nd3 20. Bg5 Kf8 21. Ra3 Rb4
22. Re3 Nxb2 23. Nxb2 Rxb2 24. Rd3 c4 25. Rd2 Rb3 26. Rxb3 cxb3 27. Nb1 Rxa4 28.
Rd3 Nc5 29. Rd1 Nxe4 30. Be3 Ra1 31. Rc1 Ke8 32. f3 b2 33. Rg1 Nc3 0-1

[Event "World Blitz Women 2025"]
[Site "Doha QAT"]
[Date "2025.12.30"]
[Round "13.26"]
[White "Bodnaruk, Anastasia"]
[Black "Koneru, Humpy"]
[Result "0-1"]
[WhiteTitle "IM"]
[BlackTitle "GM"]
[WhiteElo "2357"]
[BlackElo "2535"]
[WhiteFideId "4181751"]
[BlackFideId "5008123"]
[EventDate "2025.12.29"]

1. e4 g6 2. d4 Bg7 3. Nc3 d6 4. Be3 a6 5. f4 Nf6 6. Nf3 O-O 7. a4 c5 8. dxc5 Qa5
9. Bd3 dxc5 10. O-O Rd8 11. Qe2 Nc6 12. Kh1 Bg4 13. e5 Nh5 14. Qf2 Bxf3 15. Qxf3
Bf8 16. g4 Ng7 17. Ne4 Nd4 18. Qf2 Qc7 19. a5 Qc6 20. Kg1 Rac8 21. Ng3 e6 22.
Be4 Qc7 23. h4 Be7 24. h5 Bh4 25. h6 Bxg3 26. Qg2 Ne8 27. c3 Nb3 28. Qxg3 Nxa1
29. Rxa1 c4 30. Qf3 Rd7 31. Bb6 Qb8 32. Bd4 Rcd8 33. Rd1 Nc7 34. f5 Nb5 35. fxe6
fxe6 36. Qf6 Re8 37. Rf1 Nxd4 38. cxd4 Qc7 39. Bc2 Rf7 40. Qxf7+ Qxf7 41. Rxf7
Kxf7 42. Kf2 Rd8 43. Ke3 Rd5 44. Be4 Rb5 45. Kd2 Rb3 46. d5 exd5 47. Bxd5+ Kf8
48. Bxc4 Rxb2+ 49. Ke3 Rb4 50. Kd4 Ra4 51. Kc5 Ke7 52. e6 Rxa5+ 53. Kb6 Ra4 54.
Bd5 Rb4+ 55. Kc5 Rxg4 56. Bxb7 a5 57. Bd5 Rg5 58. Kc6 Rxd5 59. Kxd5 g5 60. Kd4 0-1

[Event "World Blitz Women 2025"]
[Site "Doha QAT"]
[Date "2025.12.30"]
[Round "13.27"]
[White "Jiang, Tianyu"]
[Black "Vaishali, Rameshbabu"]
[Result "1-0"]
[BlackTitle "GM"]
[WhiteElo "2224"]
[BlackElo "2473"]
[WhiteFideId "8627215"]
[BlackFideId "5091756"]
[EventDate "2025.12.29"]

1. Nc3 d5 2. e4 d4 3. Nce2 c5 4. Ng3 Nc6 5. Bc4 g6 6. d3 Bg7 7. f4 h5 8. h3 Bd7
9. a4 Qc7 10. Nf3 Nh6 11. O-O O-O-O 12. Bd2 Kb8 13. Qe1 Ka8 14. a5 a6 15. Ng5
Rdf8 16. e5 Nd8 17. N3e4 f6 18. Nf3 Nf5 19. b4 cxb4 20. Bxb4 Nc6 21. exf6 Bxf6
22. Nxf6 Rxf6 23. Bd2 Qc8 24. Ng5 Re8 25. Ne4 Rff8 26. Nc5 Nd6 27. Be6 Bxe6 28.
Nxe6 Rf6 29. Ng5 Nf5 30. Ne4 Re6 31. Qb1 Qc7 32. Qb3 Nd8 33. Rab1 Rc6 34. Rfc1
Nf7 35. c4 N7d6 36. Ng5 Rb8 37. Nf3 Nf7 38. Qa3 Qd7 39. Rb6 Ne3 40. Rcb1 Nf5 41.
Rxc6 Qxc6 42. Rb6 Qc7 43. Qb4 N7d6 44. Ne5 Rc8 45. c5 Nb5 46. c6 bxc6 47. Rxa6+ 1-0

[Event "World Blitz Women 2025"]
[Site "Doha QAT"]
[Date "2025.12.30"]
[Round "13.28"]
[White "Dronavalli, Harika"]
[Black "Priyanka, Nutakki"]
[Result "1-0"]
[WhiteTitle "GM"]
[BlackTitle "WGM"]
[WhiteElo "2466"]
[BlackElo "2292"]
[WhiteFideId "5015197"]
[BlackFideId "25049615"]
[EventDate "2025.12.29"]

1. Nf3 d5 2. g3 b6 3. Bg2 Bb7 4. O-O e6 5. b3 Nf6 6. Bb2 Nbd7 7. e3 Be7 8. Qe2
O-O 9. c4 dxc4 10. bxc4 c5 11. Rd1 Qc7 12. Nc3 a6 13. a4 Rac8 14. d3 Nb8 15. Ne1
Bxg2 16. Nxg2 Nc6 17. f4 Rfd8 18. g4 Nd7 19. g5 Nf8 20. h4 f6 21. Ne4 e5 22.
gxf6 Bxf6 23. Qg4 Kh8 24. h5 Qd7 25. Qxd7 Rxd7 26. h6 Rcd8 27. Ne1 Ng6 28. Rab1
Nb4 29. a5 Nxd3 30. Nxd3 Rxd3 31. Rxd3 Rxd3 32. axb6 Rb3 33. Nxf6 gxf6 34. fxe5
Nxe5 35. Rd1 Kg8 36. Bxe5 fxe5 37. Rd6 a5 38. Kf2 a4 39. Kf3 a3 40. Rd7 Rxb6 41.
Ra7 Rxh6 42. Ke4 Rh4+ 43. Kd5 Rh3 44. Rxa3 Kf7 45. Kxc5 Ke6 46. Kb6 Rh1 47. c5
Rb1+ 48. Kc6 h5 49. Ra8 h4 50. Rh8 Rb4 51. Rh6+ Ke7 52. Kd5 Kd7 53. Rh7+ Kc8 54.
Kxe5 Kd8 55. Kd5 Rb1 56. Rxh4 Rd1+ 57. Rd4 Rc1 58. e4 Kc7 59. e5 Rh1 60. Re4
Rd1+ 61. Rd4 Rh1 62. Ra4 Rd1+ 63. Ke6 Kc6 64. Ra5 Re1 65. Ra2 Kxc5 66. Kf6 Kc6
67. Rd2 Rf1+ 68. Ke7 Re1 69. e6 Kc7 70. Kf7 Rf1+ 71. Ke8 Rf3 72. e7 Rf1 73. Rc2+
Kb7 74. Rc4 Rf2 75. Kd7 Rd2+ 76. Ke6 Re2+ 77. Kd6 Rd2+ 78. Ke5 Re2+ 79. Re4 1-0

[Event "World Blitz Women 2025"]
[Site "Doha QAT"]
[Date "2025.12.30"]
[Round "13.29"]
[White "Charvi A"]
[Black "Khademalsharieh, Sarasadat"]
[Result "1/2-1/2"]
[WhiteTitle "WFM"]
[BlackTitle "IM"]
[WhiteElo "2270"]
[BlackElo "2414"]
[WhiteFideId "25165518"]
[BlackFideId "12512214"]
[EventDate "2025.12.29"]

1. e4 e5 2. Nf3 Nc6 3. Bc4 Bc5 4. c3 Nf6 5. d3 d6 6. O-O a6 7. a4 h6 8. Nbd2 Ba7
9. Re1 O-O 10. h3 Be6 11. Bb3 Re8 12. Nf1 Qd7 13. Be3 Ne7 14. Bc2 Ng6 15. d4 c6
16. Ng3 Qc7 17. Qd2 c5 18. Rac1 Rad8 19. Qe2 Nf4 20. Qd2 Ng6 21. Qe2 cxd4 22.
cxd4 exd4 23. Nxd4 Bxd4 24. Bxd4 Qe7 25. Qd2 Ne5 26. Qf4 Nfd7 27. Nf5 Bxf5 28.
exf5 Qf6 29. Be4 b5 30. axb5 axb5 31. Bc6 Qe7 32. Bxb5 Rb8 33. Bxd7 Qxd7 34.
Bxe5 dxe5 35. Rxe5 Rxb2 36. Rce1 Rxe5 37. Qxe5 Rb7 38. f6 g6 39. Qe8+ Qxe8 40.
Rxe8+ Kh7 41. Re7 Rb1+ 42. Kh2 g5 43. Rxf7+ Kg6 44. Rf8 Rb2 45. f3 Rb5 46. Kg3
Rb4 47. Rh8 Rf4 48. Rg8+ Kf7 49. Rh8 Rxf6 1/2-1/2

[Event "World Blitz Women 2025"]
[Site "Doha QAT"]
[Date "2025.12.30"]
[Round "13.30"]
[White "Kamalidenova, Meruert"]
[Black "Kiolbasa, Oliwia"]
[Result "1-0"]
[WhiteTitle "IM"]
[BlackTitle "IM"]
[WhiteElo "2366"]
[BlackElo "2397"]
[WhiteFideId "13712802"]
[BlackFideId "1154613"]
[EventDate "2025.12.29"]

1. e4 e6 2. d4 d5 3. e5 c5 4. c3 Nc6 5. Nf3 Bd7 6. Be2 f6 7. O-O fxe5 8. dxe5
Qc7 9. Re1 Nge7 10. Bf4 h6 11. h4 O-O-O 12. b4 Ng6 13. Bg3 cxb4 14. Nd4 Nxd4 15.
cxd4 Ne7 16. Bd3 Nc6 17. Be2 Qb6 18. Nd2 Qxd4 19. Rc1 Kb8 20. Bg4 Be7 21. Qe2
Rdf8 22. Nb3 Qb6 23. Red1 Ka8 24. Kh2 h5 25. Bh3 g5 26. f3 g4 27. fxg4 hxg4 28.
Qxg4 Rfg8 29. Qf4 Rf8 30. Qg4 Qe3 31. Re1 Qh6 32. Rf1 Rfg8 33. Qf4 Qg6 34. Rce1
a5 35. Rf3 Rf8 36. Qe3 Rxf3 37. Qxf3 Bxh4 38. Bxh4 Rxh4 39. Qf8+ Ka7 40. Qc5+
Kb8 41. Rf1 Rh8 42. Qd6+ Kc8 43. Nc5 Qe8 44. Na4 Qd8 45. Rf7 Qc7 46. Rxd7 Qxd6
47. Rxd6 Nxe5 48. Rxe6 Nc4 49. Rh6+ 1-0

[Event "World Blitz Women 2025"]
[Site "Doha QAT"]
[Date "2025.12.30"]
[Round "13.31"]
[White "Mammadzada, Gunay"]
[Black "Toncheva, Nadya"]
[Result "1-0"]
[WhiteTitle "IM"]
[BlackTitle "FM"]
[WhiteElo "2390"]
[BlackElo "2362"]
[WhiteFideId "13403729"]
[BlackFideId "2924056"]
[EventDate "2025.12.29"]

1. Nf3 c5 2. e4 Nc6 3. Bb5 e6 4. O-O Nge7 5. d4 cxd4 6. Nxd4 Ng6 7. Be3 Be7 8.
c3 O-O 9. Nd2 Qc7 10. f4 d6 11. Bd3 Bd7 12. Ne2 Rac8 13. Nf3 Rfd8 14. Rc1 Qa5
15. a3 Be8 16. b4 Qc7 17. c4 Qb8 18. Bb1 Bf6 19. f5 Nge5 20. Nf4 exf5 21. Nd5
Nxf3+ 22. Qxf3 Ne5 23. Nxf6+ gxf6 24. Qxf5 Nd7 25. Bh6 Kh8 26. e5 1-0

[Event "World Blitz Women 2025"]
[Site "Doha QAT"]
[Date "2025.12.30"]
[Round "13.32"]
[White "Bayasgalan, Khishigbaatar"]
[Black "Nguyen Hong Anh"]
[Result "0-1"]
[WhiteTitle "WCM"]
[BlackTitle "WIM"]
[WhiteElo "2249"]
[BlackElo "2010"]
[WhiteFideId "4904311"]
[BlackFideId "12406732"]
[EventDate "2025.12.29"]

1. c4 Nf6 2. d4 c6 3. Nf3 d5 4. g3 e6 5. Bg2 Nbd7 6. O-O Be7 7. Nc3 O-O 8. Nd2
Re8 9. e4 dxe4 10. Ndxe4 Nxe4 11. Nxe4 Nf6 12. Bf4 Nxe4 13. Bxe4 Bf6 14. Qc2
Qxd4 15. Bxh7+ Kh8 16. Rab1 e5 17. Rfd1 Qc5 18. Be3 Qe7 19. Be4 Bg4 20. f3 Be6
21. b3 Bg5 22. Bf2 g6 23. Qe2 f5 24. Bc2 Bf6 25. Qe3 Kg7 26. c5 Bd5 27. b4 Bxa2
28. Ra1 Bd5 29. Ra3 a6 30. Rad3 Rad8 31. Bb1 Bf7 32. Rd6 Bd5 33. Rxd8 Rxd8 34.
Qa3 Bf7 35. Rc1 Rd2 36. Be3 Rd7 37. Qb2 e4 38. Qf2 exf3 39. Qxf3 Bd5 40. Qf4 Kg8
41. Re1 Bf7 42. Bf2 Qd8 43. Qf3 Rd2 44. Be3 Rb2 45. Bf4 Bd5 46. Qe3 Rg2+ 47. Kf1
Rxh2 48. Qe8+ Qxe8 49. Rxe8+ Kf7 50. Re1 Bd4 51. Bd3 Rf2+ 52. Kg1 Rxf4+ 53. Kh2
Rf2+ 54. Kh3 Rd2 55. Bf1 Be4 56. Bc4+ Kf6 57. g4 Bg2+ 58. Kg3 Bf2+ 59. Kxg2
Bxe1+ 0-1

[Event "World Blitz Women 2025"]
[Site "Doha QAT"]
[Date "2025.12.30"]
[Round "13.33"]
[White "Rakshitta, Ravi"]
[Black "Mkrtchian, Lilit"]
[Result "0-1"]
[WhiteTitle "WGM"]
[BlackTitle "IM"]
[WhiteElo "2381"]
[BlackElo "2366"]
[WhiteFideId "25073230"]
[BlackFideId "13300601"]
[EventDate "2025.12.29"]

1. e4 e6 2. d4 d5 3. Nc3 Bb4 4. exd5 exd5 5. Bd3 Nf6 6. Ne2 O-O 7. O-O Re8 8.
Ng3 c6 9. h3 Nbd7 10. Qf3 Nf8 11. Bg5 Be7 12. Nf5 Bxf5 13. Qxf5 g6 14. Qf3 Nh5
15. Bh6 Bg5 16. Bxg5 Qxg5 17. g3 Re7 18. h4 Qf6 19. Qxf6 Nxf6 20. a4 a5 21. Ra3
Ne6 22. Ne2 Ne4 23. Kg2 h5 24. Re1 Kf8 25. c4 Nf6 26. Rb3 Nxd4 27. Nxd4 Rxe1 28.
Rxb7 Rd1 29. Bxg6 fxg6 30. Ne6+ Kg8 31. Rg7+ Kh8 32. Rxg6 Ne4 33. cxd5 cxd5 34.
Rh6+ Kg8 35. Rxh5 Rd2 36. Rf5 Re8 37. Nc7 Rf8 38. Re5 Rfxf2+ 39. Kh3 Nf6 40.
Rg5+ Kf7 0-1

[Event "World Blitz Women 2025"]
[Site "Doha QAT"]
[Date "2025.12.30"]
[Round "13.34"]
[White "Krush, Irina"]
[Black "Nomin-Erdene, Davaademberel"]
[Result "0-1"]
[WhiteTitle "GM"]
[BlackTitle "IM"]
[WhiteElo "2402"]
[BlackElo "2312"]
[WhiteFideId "2012782"]
[BlackFideId "4900782"]
[EventDate "2025.12.29"]

1. c4 f5 2. d4 Nf6 3. Nc3 d6 4. Nf3 g6 5. e3 Bg7 6. b4 O-O 7. Bb2 c6 8. Be2 Qe8
9. c5 Kh8 10. cxd6 exd6 11. b5 Nbd7 12. O-O Nb6 13. a4 Be6 14. Ba3 Qd7 15. Rc1
Nc4 16. Bb4 a5 17. bxa6 bxa6 18. d5 cxd5 19. Nb1 Ne4 20. Nd4 Bf7 21. Nc3 a5 22.
Bxc4 axb4 23. Bb5 Qe7 24. Na2 Qg5 25. Nxb4 Qh4 26. f3 Nc5 27. Nbc6 Bf6 28. a5
Be5 29. f4 Bg7 30. Qe2 Ne4 31. a6 g5 32. Nxf5 Qh5 33. Nxg7 Qxe2 34. Bxe2 Kxg7
35. a7 Be8 36. fxg5 Rxf1+ 37. Bxf1 Bxc6 38. Rxc6 Rxa7 39. h4 Ra3 40. Bb5 Rxe3
41. Rc7+ Kg6 42. Be8+ Kf5 43. Rxh7 d4 44. g6 d3 45. g7 Rg3 46. Bf7 d2 47. Bb3
Rxb3 48. g8=Q d1=Q+ 49. Kh2 Ke5 50. Re7+ Kd4 51. Qg7+ Kd3 52. Qg6 Qe2 53. Re6
Rb2 0-1

[Event "World Blitz Women 2025"]
[Site "Doha QAT"]
[Date "2025.12.30"]
[Round "13.35"]
[White "Mammadova, Gulnar"]
[Black "Cori T., Deysi"]
[Result "1-0"]
[WhiteTitle "IM"]
[BlackTitle "IM"]
[WhiteElo "2330"]
[BlackElo "2349"]
[WhiteFideId "13403508"]
[BlackFideId "3801934"]
[EventDate "2025.12.29"]

1. e4 e6 2. d4 d5 3. e5 c5 4. c3 Nc6 5. Nf3 Nge7 6. Bd3 cxd4 7. O-O h6 8. Re1
Bd7 9. Nbd2 Rc8 10. Nb3 dxc3 11. bxc3 Na5 12. Nbd4 Nc4 13. Rb1 b6 14. Qe2 Qc7
15. h4 g6 16. h5 gxh5 17. Nh4 Bg7 18. Bf4 a6 19. Qxh5 Nc6 20. Ndf5 Bxe5 21. Nxh6
Bxf4 22. Qxf7+ Kd8 23. Qf6+ Ne7 24. Nf7+ Ke8 25. Nxh8 Bb5 26. Qxe6 Ne5 27. Bg6+
Kd8 28. Rxb5 axb5 29. Nf5 N5xg6 30. Nxg6 Bh2+ 31. Kh1 1-0

[Event "World Blitz Women 2025"]
[Site "Doha QAT"]
[Date "2025.12.30"]
[Round "13.36"]
[White "Zhapova, Yana"]
[Black "Shvedova, Alexandra"]
[Result "1-0"]
[WhiteTitle "FM"]
[BlackTitle "WIM"]
[WhiteElo "2260"]
[BlackElo "2255"]
[WhiteFideId "24278670"]
[BlackFideId "54154782"]
[EventDate "2025.12.29"]

1. e4 c5 2. Nf3 d6 3. Bb5+ Nd7 4. O-O a6 5. Bxd7+ Bxd7 6. c3 Nf6 7. Re1 c4 8. b3
b5 9. Na3 Qc7 10. e5 dxe5 11. Nxe5 cxb3 12. axb3 e6 13. Qf3 Rc8 14. Nc2 Bd6 15.
Nxd7 Nxd7 16. h3 a5 17. Nd4 Ne5 18. Qe2 Ng6 19. Nxb5 Qb6 20. Nxd6+ Qxd6 21. Rxa5
Rb8 22. Ba3 Qb6 23. Bb4 Ne7 24. Ra6 Qb7 25. Rea1 Nc6 26. Bd6 Rd8 27. Bc5 Rc8 28.
b4 h5 29. Qf3 h4 30. Ra7 Qxa7 31. Bxa7 O-O 32. Bc5 Rfd8 33. d4 Nb8 34. Ra7 Nd7
35. Be7 1-0

[Event "World Blitz Women 2025"]
[Site "Doha QAT"]
[Date "2025.12.30"]
[Round "13.37"]
[White "Preobrazhenskaya, Diana"]
[Black "Batsiashvili, Nino"]
[Result "0-1"]
[WhiteTitle "WFM"]
[BlackTitle "GM"]
[WhiteElo "2131"]
[BlackElo "2462"]
[WhiteFideId "34270566"]
[BlackFideId "13602993"]
[EventDate "2025.12.29"]

1. e4 e5 2. Nf3 Nc6 3. Bb5 a6 4. Ba4 Nf6 5. O-O Be7 6. Re1 b5 7. Bb3 O-O 8. h3
Bb7 9. d3 d6 10. c3 Re8 11. Nbd2 Bf8 12. d4 h6 13. Bc2 exd4 14. cxd4 Nb4 15. Bb1
c5 16. d5 a5 17. a3 Na6 18. Nf1 c4 19. Nd4 Nc5 20. Ng3 Qd7 21. Bf4 a4 22. Qd2
Nb3 23. Nxb3 axb3 24. Nf5 Rac8 25. Re3 Kh8 26. Rg3 Nh5 27. Rg4 Nxf4 28. Qxf4 Re5
29. Rh4 f6 30. Qg4 Qf7 31. a4 bxa4 32. Rxa4 c3 33. bxc3 Rxc3 34. Kh2 Bc8 35. Ra8
Bxf5 36. exf5 Re1 37. Qb4 Rcc1 38. Qxd6 Kg8 39. Bd3 b2 40. Rg4 Rh1+ 41. Kg3 Rc3
42. Rb4 Rxd3+ 43. f3 b1=Q 44. Rxb1 Rxb1 45. Qd8 Rxd5 46. Qc8 Rbb5 47. Qc4 Rbc5
48. Qb3 Kh7 49. Qe3 Rxf5 50. Rd8 Qg6+ 51. Kh2 Rc2 52. Qg1 Be7 53. Rd7 Bc5 54.
Qf1 Rxg2+ 55. Qxg2 Qxg2+ 0-1

[Event "World Blitz Women 2025"]
[Site "Doha QAT"]
[Date "2025.12.30"]
[Round "13.38"]
[White "Balajayeva, Khanim"]
[Black "Luong Phuong Hanh"]
[Result "0-1"]
[WhiteTitle "IM"]
[BlackTitle "WIM"]
[WhiteElo "2351"]
[BlackElo "2236"]
[WhiteFideId "13406396"]
[BlackFideId "12401013"]
[EventDate "2025.12.29"]

1. e4 c5 2. Nf3 e6 3. d4 cxd4 4. Nxd4 a6 5. Nc3 Qc7 6. Be3 Nf6 7. Qf3 d6 8.
O-O-O b5 9. Bg5 Nbd7 10. Bxf6 gxf6 11. Bd3 Bb7 12. Qh5 Qc5 13. Qxc5 Nxc5 14.
Rhe1 b4 15. Nb1 Bh6+ 16. Nd2 O-O 17. Kb1 Nxd3 18. cxd3 Rfc8 19. N2b3 a5 20. Nb5
Ra6 21. Re2 a4 22. N3d4 Rc5 23. Rc2 Rb6 24. Nc7 Bf4 25. Ne8 Be5 26. Nf3 Rxc2 27.
Kxc2 Rc6+ 28. Kb1 Rc8 29. Nxe5 Rxe8 30. Nc4 Rd8 31. f3 Ba6 32. Ne3 Rc8 33. d4
Kf8 34. a3 bxa3 35. bxa3 Rc3 36. Nc2 Bd3 37. Rd2 Rxa3 38. Kb2 Rb3+ 39. Ka2 Bc4
40. Ka1 a3 41. Rd1 Ke7 42. Rc1 Rc3 43. Kb1 Bd3 44. g3 Rxc2 45. Rxc2 a2+ 0-1

[Event "World Blitz Women 2025"]
[Site "Doha QAT"]
[Date "2025.12.30"]
[Round "13.39"]
[White "Khamdamova, Afruza"]
[Black "Shubenkova, Veronika"]
[Result "1-0"]
[WhiteTitle "WGM"]
[BlackTitle "WFM"]
[WhiteElo "2403"]
[BlackElo "2013"]
[WhiteFideId "14210444"]
[BlackFideId "44124040"]
[EventDate "2025.12.29"]

1. e4 e6 2. d4 d5 3. Nd2 dxe4 4. Nxe4 Nd7 5. Nf3 Ngf6 6. Nxf6+ Nxf6 7. Be3 Be7
8. Bd3 O-O 9. O-O b6 10. Ne5 Bb7 11. c4 c5 12. dxc5 Bxc5 13. Bg5 Be7 14. Qc2 h6
15. Bh4 Qd4 16. Bg3 Rfd8 17. Rad1 Qc5 18. a3 a5 19. Rfe1 Rd4 20. b4 axb4 21.
axb4 Qxb4 22. Rb1 Qc5 23. Rb5 Qa3 24. Rxb6 Qa5 25. Reb1 Be4 26. Bxe4 Rxe4 27. h3
Re1+ 28. Kh2 Rxb1 29. Qxb1 Qc5 30. Rb5 Qd4 31. Nc6 Qd7 32. Nxe7+ Qxe7 33. c5 Nd5
34. c6 Rc8 35. Rb8 Qe8 36. c7 Ne7 37. Bd6 Nf5 38. Bc5 Kh7 39. Rxc8 Qxc8 40. Qb8 1-0